000 00746nam a2200289Ia 4500
005 20260324123115.0
008 008 260324s9999 xx 000 0 eng d
020 _a9780203109939
037 _aEBOOK
040 _aCRL
040 _beng
040 _cCRL
041 _2eng
041 _aeng
084 _qCRL
100 _aChris Turnock; Joan Mulholland
_91169047
245 0 _aLearning in the Workplace
245 2 _bA Toolkit for Facilitating Learning and Assessment in Health and Social Care Settings
260 _bTaylor and Francis
260 _c2012
365 _a
365 _b230
856 _uhttp://www.taylorfrancis.com/books/9780203109939
942 _cEBOOK
999 _c1762280
_d1762280